| 000 | 00335nam a22001337a 4500 | ||
|---|---|---|---|
| 008 | 250321b |||||||| |||| 00| 0 eng d | ||
| 020 | _a093268694X | ||
| 050 |
_aRM300 _b.D78 |
||
| 245 | _aDrug facts and comparison | ||
| 260 |
_aAmerica _bFacts and comparison _c1994 |
||
| 300 | _axv,3157p | ||
| 650 |
_aDrugs _vChemotherapy |
||
| 942 | _cBK | ||
| 999 |
_c2589 _d2589 |
||